000 00357 a2200157 4500
001 71525
020 _a8585466367
040 _cAnchieta - Colégio São Paulo
100 _aBelinky, Tatiana
240 1 0 _aSete contos russos
_lpor
245 1 0 _aSete contos russos
300 _a54
362 0 _a1995
650 4 _aLiteratura infanto-juvenil
942 _cBK
999 _c71525
_d71525